| 000 | 01251cam a2200313 4500 | ||
|---|---|---|---|
| 001 | M1479 | ||
| 008 | 090401t1994 xxu||||| |||| 00| 0 eng d | ||
| 035 | _a(Sirsi) u32293 | ||
| 041 | _aeng | ||
| 050 | _a333.0062 | ||
| 090 | _aRICS 1994/14ABCD | ||
| 110 |
_aRoyal Institution of Chartered Surveyors _94900 |
||
| 245 | _aReview of the constitution: methods of investigating inadequate professional services: green paper, April 1994. | ||
| 260 |
_aLondon _bRICS _c1994 |
||
| 300 | _a19p. ; 30cm. | ||
| 350 | _a0 | ||
| 520 | _aClark Committee set up to review proposals for constitutional change after the General Council debate on the Cubbon Report in November 1993. This green paper from the same committee looks at the idea that the RICS should take steps to supervise members professional competence. Contact for discussion Patricia Monahan, Standards & Practice. | ||
| 650 | _aABOUT RICS-RICS MEMBERS | ||
| 650 | _aCLARK COMMITTEE | ||
| 650 | _aCONSTITUTIONAL REVIEW | ||
| 650 | _aCUBBON REPORT | ||
| 650 | _aGREEN PAPER | ||
| 650 | _aPROFESSIONAL COMPETENCE | ||
| 650 | _aSTANDARDS | ||
| 690 | _aMANAGEMENT-BUSINESS MANAGEMENT-PROFESSIONAL PRACTICE | ||
| 700 |
_aClark, M.G. _xChairman |
||
| 942 | _n0 | ||
| 948 | _c04/03/1997 | ||
| 999 |
_c89710 _d89710 |
||